[Event "SVK-ch U10"]
[Site "Lubovna"]
[Date "2020.08.21"]
[Round "8"]
[White "Serdel, Patrik"]
[Black "Duda, Filip"]
[Result "0-1"]
[WhiteElo "1000"]
[BlackElo "1238"]
[PlyCount "54"]
[EventDate "2020.08.15"]
[EventType "swiss"]
[EventRounds "9"]
[EventCountry "SVK"]
[SourceTitle "EXT 2021"]
[Source "ChessBase"]
[SourceDate "2020.10.23"]
[SourceVersion "1"]
[SourceVersionDate "2020.10.23"]
[SourceQuality "1"]

1. e3 e5 2. Nf3 Nc6 3. Bc4 Bc5 4. 0-0 Nf6 5. Nc3 0-0 6. e4 d6 7. d3 Qe7 8. Bg5 h6 9. Bh4 Be6 10. Bb5 a6 11. Ba4 Qd7 12. a3 d5 13. Bb3 d4 14. Ne2 Bxb3 15. cxb3 Be7 16. Qc2 Nh5 17. Qc4 Bxh4 18. Nxh4 Qg4 19. Rae1 Qxh4 20. Qd5 Rad8 21. Qc4 b5 22. Qxc6 Qf6 23. Qxc7 Rc8 24. Qa5 Qg5 25. Qxa6 Rc7 26. Rc1 Nf4 27. Rfe1 Qxg2# 0-1